• 首页
  • 本馆介绍
  • 公告通知
  • 最新文献
  • 馆藏检索
  • 电子资源
  • 读者导购
  • 参考咨询
  • 我的图书馆
  • 登录
  • 详细信息显示
  • 放入我的书架
  • 预约/预借图书
  • 作者相关作品
  • 分类相关作品
  • 丛书相关作品
  • 出版社相关作品

书目信息

  • 表格格式
  • 工作单格式
  • 卡片格式
题名:
生命中的兵团
    
 
作者: 朱维毅 著
分册: 下  
出版信息: 北京   世界图书出版公司北京公司  2015
页数: 533-1085页
开本: 26cm
丛书名:
单 册:
中图分类: I253.2
科图分类:
主题词: 纪实文学--中国--当代
电子资源:
ISBN: 978-7-5100-4866-1
000 00900nam0 2200241 45
001 012001003485
005 20180926152858.15
010    @a978-7-5100-4866-1@dCNY64.00
100    @a20160109d2015 em y0chiy50 ea
101 0  @achi
102    @aCN@b110000
105    @aa z 000zy
106    @ar
200 1  @a生命中的兵团@9sheng ming zhong de bing tuan@h下@f朱维毅著@FZhu Wei Yi Zhu@PZWYZ
210    @a北京@c世界图书出版公司北京公司@d2015
215    @a533-1085页@c照片,图@d26cm@e1光盘
307    @a附光盘:ISBN 978-7-88780-337-5 本书与上册共附一张光盘
330    @a本书讲述了黑龙江兵团和知识青年在北大荒的种种生活经历。主要内容包括:“黑土地的脊梁”、“知青官”、“艺术的星空”、“左右之间”、“名誉与情欲”等。
606 0  @a纪实文学@y中国@z当代
690    @aI253.2@v5
701  0 @a朱维毅@9zhu wei yi@f(1952-)@4著
801  0 @aCN@b上海新华@c20180901
905    @b1159670-4@dI253.2@e1070:2@f5
    
    生命中的兵团.下/朱维毅著.-北京:世界图书出版公司北京公司,2015
    533-1085页:照片,图;26cm+1光盘
    
    
    ISBN 978-7-5100-4866-1:CNY64.00
    本书讲述了黑龙江兵团和知识青年在北大荒的种种生活经历。主要内容包括:“黑土地的脊梁”、“知青官”、“艺术的星空”、“左右之间”、“名誉与情欲”等。
●
相关链接 在E读中查询图书 在五车中查询图书 在当当中查询图书 在豆瓣中查询图书


正题名:生命中的兵团     索取号:I253.2/1070:2         预约/预借

序号 登录号 条形码 馆藏地/架位号 状态 备注
1 1159670   211596708   第一样本阅览室/ [索取号:I253.2/1070:2] 在馆    
2 1159671   211596717   第二借阅区/ [索取号:I253.2/1070:2] 在馆    
3 1159672   211596726   第二借阅区/ [索取号:I253.2/1070:2] 在馆    
4 1159673   211596735   密集书库-文学院/ [索取号:I253.2/1070:2] 在馆    
5 1159674   211596744   第二借阅区/ [索取号:I253.2/1070:2] 在馆    
唐山师范学院图书馆 欢迎您!
大连网信软件有限公司© 版权所有